Widok standardowy
Widok MARC
Pozycja Topical Term
Liczba rekordów, w których użyto hasła: 0
001 - Numer kontrolny
- control field: 39400
003 - Identyfikator numeru kontrolnego
- control field: NUKAT
005 - Data i czas ostatniej modyfikacji
- control field: 20260401135225.0
008 - Dane kontrolne kodowane (40 znaków)
- fixed length control field: 161202n||azznnbabn |a ana |
010 ## - Numer kontrolny Biblioteki Kongresu
- numer kontrolny LC: p 2017000080
035 ## - Numer systemowy
- numer systemowy: a35725941
035 ## - Numer systemowy
- numer systemowy: (PL)a0000003572594
040 ## - Instytucja sporządzająca rekord
- inst. przygot. dane do rek. khw: WA N
- język haseł przedmiotowych/tezaurus: DBN
- inst. wprow. rek. khw: WA N
072 ## - Kod kategorii przedmiotu
- kod kategorii przedmiotu: 17
150 ## - Hasło - nazwa pospolita
- nazwa posp. lub nazwa geogr. na pocz.: Kultura fizyczna i sport
450 ## - Trop zob. - nazwa pospolita
- nazwa posp. lub nazwa geogr. na pocz.: Sport i kultura fizyczna
550 ## - Trop zob. też - nazwa pospolita
- nazwa posp. lub nazwa geogr. na pocz.: Kultura fizyczna
550 ## - Trop zob. też - nazwa pospolita
- nazwa posp. lub nazwa geogr. na pocz.: Sport
680 ## - Uwaga ogólna przeznaczona do publicznej prezentacj
- tekst wyjaśniający: deskryptor
- hasło lub określnik: Kultura fizyczna i sport
- tekst wyjaśniający: stosuje się w funkcji deskryptora ujęciowego